000 00728nam a22002417a 4500
999 _c5479
_d5479
003 AR-CdUCM
008 190312b ||||| |||| 00| 0 spa d
040 _aMUNICIPALIDAD PROVINCIAL DEL CUSCO
_cBIBLIOTECA MUNICIPAL DEL CUSCO
082 _a869.56 /
_bA36
100 _aAlencastre Gutiérrez, Andrés
_916462
245 _aDramas y comedias del ande :
_bteatro andino /
260 _aCuzco :
_bGarcilaso,
_c1955.
300 _a119 paginas ;
_c22 cm.
440 _aTeatro andino
_916463
500 _aDonación familia Nieto
505 _aContenido :Teatro /
650 _aLiteratura peruana
_9169
650 _aTeatro
_9173
650 _aCostumbres
_9230
650 _aSiglo XX
_98
942 _2ddc
_cLIBROS
945 _arjall